Tạp chí Dược học Số 465
Trong số này có các bài nghiên cứu về : Giải pháp tăng sinh khả dụng cho các hoạt chất có nguồn gốc dược liệu; Nghiên cứu ảnh hưởng của tá dược và độ dày màng bao đến khả năng giải phóng dược chất và độ ổn định của viên aspirin bao t...
Αποθηκεύτηκε σε:
| Μορφή: | Βιβλίο |
|---|---|
| Γλώσσα: | Vietnamese |
| Έκδοση: |
Hà Nội
Bộ Y tế
2015
|
| Θέματα: | |
| Ετικέτες: |
Προσθήκη ετικέτας
Δεν υπάρχουν, Καταχωρήστε ετικέτα πρώτοι!
|
| Thư viện lưu trữ: | Thư viện Trường Đại học Nam Cần Thơ |
|---|
| LEADER | 01547nam a2200241 4500 | ||
|---|---|---|---|
| 001 | NCT_125745 | ||
| 008 | 170928b xxu||||| |||| 00| 0 vie d | ||
| 999 | |c 6441 |d 6441 | ||
| 022 | |a 0866-7861 | ||
| 082 | 0 | 4 | |2 23rd ed. |a 615 |b T109C |
| 245 | 1 | 0 | |a Tạp chí Dược học |n Số 465 |c Bộ Y tế |
| 260 | |a Hà Nội |b Bộ Y tế |c 2015 | ||
| 300 | |c 27cm | ||
| 310 | |a Tháng 1 kỳ | ||
| 362 | |a 01/2015 | ||
| 500 | |a Từ 1962-1973 tên: Tập san Dược học. Từ 1974 đến nay tên: Tạp chí Dược học | ||
| 520 | 3 | |a Trong số này có các bài nghiên cứu về : Giải pháp tăng sinh khả dụng cho các hoạt chất có nguồn gốc dược liệu; Nghiên cứu ảnh hưởng của tá dược và độ dày màng bao đến khả năng giải phóng dược chất và độ ổn định của viên aspirin bao tan ở ruột; Nghiên cứu ảnh hưởng của tá dược đến quy trình bào chế bột cao khô quả nhau (Morinda citrifolia L.) bằng phương pháp phun sấy; .... | |
| 653 | |a Dược học | ||
| 655 | |a Tạp chí | ||
| 942 | |2 ddc |c CR | ||
| 952 | |0 0 |1 0 |2 ddc |4 0 |6 615_000000000000000_T109C |7 0 |9 24078 |a 000001 |b 000001 |d 2022-05-17 |o 615 T109C |r 2022-05-17 |w 2022-05-17 |y CR | ||
| 952 | |0 0 |1 0 |2 ddc |4 0 |6 615_000000000000000_T109C |7 0 |9 24079 |a 000001 |b 000001 |d 2022-05-17 |o 615 T109C |r 2022-05-17 |w 2022-05-17 |y CR | ||
| 980 | |a Thư viện Trường Đại học Nam Cần Thơ | ||